000 00588nam a22001937a 4500
001 45281
003 OSt
005 20150116102450.0
008 150116b xxu||||| |||| 00| 0 eng d
020 _a9780813345574
040 _aDDC
_beng
_cDDC
_dDDC
082 _27th. ed.
_a303.3
245 _aContemporary issues in leadership /
250 _a7th. ed.
_bedited by William E. Rosenbach, Robert L. Taylor and Mark A.Youndt
260 _aColorado
_bWestview Press
_c20112
300 _axiii, 302 p.
_c22 cm.
504 _aIncludes notes about the editors and contributors.
942 _2ddc
_cBK
999 _c2088
_d2088